| 000 | 00704nam a2200289Ia 4500 | ||
|---|---|---|---|
| 005 | 20260324152320.0 | ||
| 008 | 008 260324s9999 xx 000 0 eng d | ||
| 020 | _a9780124077751 | ||
| 037 | _aEBOOK | ||
| 040 | _aCRL | ||
| 040 | _beng | ||
| 040 | _cCRL | ||
| 041 | _2eng | ||
| 041 | _aeng | ||
| 084 | _qCRL | ||
| 100 |
_aRyan, John M. _91228696 |
||
| 245 | 0 | _aGuide to Food Safety and Quality During Transportation | |
| 260 | _bElsevier | ||
| 260 | _c2014 | ||
| 650 | _a Food Sciences | ||
| 650 | _aAgricultural | ||
| 650 | _aBiological | ||
| 856 | _uhttps://www.sciencedirect.com/science/book/9780124077751 | ||
| 942 | _cEBOOK | ||
| 999 |
_c1839204 _d1839204 |
||